|
|
|
|
| LEADER |
00000nam a22000007a 4500 |
| 005 |
2018033003533.0 |
| 007 |
cr|||| |||| |
| 008 |
180330s2017 es |||||s|||| 00||0 spa d |
| 020 |
|
|
|a 978-84-7351-611-2
|
| 035 |
|
|
|a 21266
|
| 040 |
|
|
|a vLex
|
| 090 |
|
|
|c 7592
|d 7592
|
| 100 |
1 |
|
|a Cebreiro Nę︢z, Jos ̌Ignacio
|
| 245 |
1 |
2 |
|a La administracin̤ perifřica provincial
|h [Recurso electrn̤ico] :
|b org̕enes y evolucin̤ al final del antiguo rǧimen /
|c Jos ̌Ignacio Cebreiro Nę︢z
|
| 256 |
|
|
|a Servicio en ln̕ea
|
| 260 |
|
|
|a Madrid:
|b Instituto Nacional de Administracin̤ Pb︢lica (INAP),
|c 2017
|
| 300 |
|
|
|a 1 recurso electrn̤ico
|
| 506 |
1 |
|
|a Disponible solo en los productos indicados
|d vLex Global
|d vLex Global (Academic Edition, excluding Law Schools)
|d vLex Global (U.S. Academic Edition, Law Schools)
|d vLex Global (U.S. Academic Edition, excluding Law Schools)
|d vLex Global (Academic Edition, Law Schools)
|
| 650 |
0 |
4 |
|a Derecho Pb︢lico y Administrativo
|z Espaą
|
| 740 |
0 |
|
|a vLex Libros (Servicio en ln̕ea)
|
| 856 |
4 |
0 |
|u http://vlex.com/source/administracion-periferica-provincial-origenes-y-evolucion-al-final-del-antiguo-regimen-21266
|z Acceso restringido
|
| 942 |
|
|
|c BOOK
|
| 999 |
0 |
|
|a Public and Administrative Law
|